000 00939nam a2200217Ia 4500
005 20211110120357.0
008 130821s1995 ck gr spa
040 _aCO-BoUCM
_bspa
_cJose A. Gerena (modificó)
_d[Nuevo]
041 0 0 _aspa
111 _aForo Sobre Corrupción y Etica de Servidores Públicos [1994: Bogotá ]
_986150
245 1 0 _aCorrupción Hasta cuando?
_cClaudia Blum de Barberi
_bMemorias
260 _aCali (Valle, Colombia)
_bFeriva
_c1995
300 _a129 páginas
650 0 4 _aCorrupción administrativa
_zColombia
_vCongresos, conferencias, etc.
_912025
650 0 4 _aFuncionarios públicos
_xAspectos morales y éticos
_zColombia
_97643
651 _aColombia
_xAdministración pública
_vCongresos, conferencias, etc.
_926606
690 0 _aAdministración pública
_9355
700 1 _aBLUM de BARBERI, Claudia
_91163
942 _cLIBRO
_a16
_e1
_mF727C
_2DEWEY
_h351.992
999 _c34870
_d34870